000 00647nam a2200217 u 4500
005 20250903063915.0
008 120627s2011 mx r 000 0 spa d
020 _a9786077638544
035 _aUPN01000185543
049 _aCG
050 4 _aPQ7117
_bM8.3
245 1 0 _aMudanzas /
_ccomp. Delia Juárez G. ; Francisco Hinojosa ... [et al.].
260 _aMéxico :
_bCal y Arena,
_c2011.
300 _a151 p.
440 3 _aLa rebelión de la intimidad
650 4 _aLiteratura mexicana
_ySiglo XXI
_917492
650 4 _aCuentos mexicanos
_96937
700 1 _aHinojosa, Francisco,
_d1954-
_ecoaut.
_928902
905 _aLibro
999 _c157646
_d157646